000 00508nam a2200193Ia 4500
003 OSt
005 20241129102738.0
008 210716s1983 xx 000 0 und d
020 _a0553240676
040 _cAIMIT LIBRARY
041 _aeng
082 _a808.83
_21
_bBRYC
100 _aBryan, C D B.
_9187185
245 _aFriendly Fire /
_cBy C D Bryan.
250 _a1st ed.
260 _aNew York :
_bBantam books ;
_c1983.
300 _ax,437p. ;
_bPB
_c17 cm.
942 _2ddc
_cBK
_e1st ed.
_k808.83 BRYC
999 _c200265
_d200265